书目信息 |
| 题名: |
教师怎样做课题研究
|
|
| 作者: | 钱爱萍 , 吴恒祥 , 赵晨音 编著 | |
| 分册: | ||
| 出版信息: | 北京 中国轻工业出版社 2007.01 |
|
| 页数: | 170页 | |
| 开本: | 23cm | |
| 丛书名: | 中小学新课程教学问题探究和教师专业发展系列丛书 | |
| 单 册: | ||
| 中图分类: | G630 | |
| 科图分类: | ||
| 主题词: | 教育科学--科学研究--中小学 , 教育科学 , 科学研究 | |
| 电子资源: | ||
| ISBN: | 7-5019-5675-8 | |
| 000 | 01123oam2 2200325 450 | |
| 001 | 100428304697 | |
| 005 | 20070404104002.0 | |
| 010 | @a7-5019-5675-8@dCNY18.00 | |
| 010 | @a978-7-5019-5675-3 | |
| 035 | @a003365260 | |
| 100 | @a20070124d2007 em y0chiy0110 ea | |
| 101 | 0 | @achi |
| 102 | @aCN@b110000 | |
| 105 | @ay z 000yy | |
| 106 | @ar | |
| 200 | 1 | @a教师怎样做课题研究@9jiao shi zen yang zuo ke ti yan jiu@f钱爱萍,吴恒祥,赵晨音编著 |
| 210 | @a北京@c中国轻工业出版社@d2007.01 | |
| 215 | @a170页@d23cm | |
| 225 | 2 | @a中小学新课程教学问题探究和教师专业发展系列丛书 |
| 330 | @a本书分为教育科研课题、教育调查以及课题结题报告精选三章。内容涉及教育科研课题的选择、教育科研课题的申报、教育调查研究概述等。 | |
| 461 | 0 | @12001 @a中小学新课程教学问题探究和教师专业发展系列丛书 |
| 606 | 0 | @a教育科学@x科学研究@x中小学 |
| 606 | 0 | @a教育科学 |
| 606 | 0 | @a科学研究 |
| 690 | @aG630@v4 | |
| 701 | 0 | @a钱爱萍@9qian ai ping@c(女)@4编著 |
| 701 | 0 | @a吴恒祥@9wu heng xiang@4编著 |
| 701 | 0 | @a赵晨音@9zhao chen yin@4编著 |
| 801 | 0 | @aCN@bNLC@c20070405 |
| 905 | @b205975916-943@h597591-94@dG40-03@e488@f4 | |
| 教师怎样做课题研究/钱爱萍,吴恒祥,赵晨音编著.-北京:中国轻工业出版社,2007.01 |
| 170页;23cm.-(中小学新课程教学问题探究和教师专业发展系列丛书) |
| ISBN 7-5019-5675-8:CNY18.00 |
| 本书分为教育科研课题、教育调查以及课题结题报告精选三章。内容涉及教育科研课题的选择、教育科研课题的申报、教育调查研究概述等。 |
| ● |
| 相关链接 |
|
|
|
|
正题名:教师怎样做课题研究
索取号:G40-03/488
 
预约/预借
| 序号 | 登录号 | 条形码 | 馆藏地/架位号 | 状态 | 备注 |
| 1 | 0793251 | 207932512 | 第一样本阅览室/ [索取号:G40-03/488] | 在馆 | |
| 2 | 0793252 | 207932521 | 第四借阅区/ [索取号:G40-03/488] | 在馆 | |
| 3 | 0793253 | 207932530 | 第四借阅区/ [索取号:G40-03/488] |
已借出,限还日期为2012.02.27 借出人:黎延凯 |
|
| 4 | 0793254 | 207932549 | 第四借阅区/ [索取号:G40-03/488] | 在馆 | |
| 5 | 0793255 | 207932558 | 第四借阅区/ [索取号:G40-03/488] | 在馆 | |
| 6 | 597591 | 205975916 | 第四借阅区/ [索取号:G40-03/488] | 在馆 | |
| 7 | 597592 | 205975925 | 教育系资料室/ [索取号:G40-03/488] | 在馆 | |
| 8 | 597593 | 205975934 | 教育系资料室/ [索取号:G40-03/488] | 在馆 | |
| 9 | 597594 | 205975943 | 第四借阅区/ [索取号:G40-03/488] | 在馆 |